| 000 | 00495nam a2200121Ia 4500 | ||
|---|---|---|---|
| 008 | 160712s9999 xx 000 0 und d | ||
| 100 | _aQuibuyen, Floro. | ||
| 245 |
_cFloro Quibuyen _aRizal’s Legacy for the 21st Century: Progressive Education, Social Entrepreneurship and Community Development in Dapitan |
||
| 260 |
_c2011 _bSocial Science Diliman |
||
| 300 | _avol. 7 no. 2 | ||
| 650 | _xEDUCATION | ||
| 856 | _uhttp://journals.upd.edu.ph/index.php/socialsciencediliman/issue/view/309/showToc | ||
| 999 |
_c297552 _d297552 |
||